000 00260nam a22001217a 4500
008 180515b xxu||||| |||| 00| 0 eng d
041 _aeng
080 _a043.3
100 _a0
101 _aSHKI-BA
245 _aTeknikat Moduluese
_cZeka, G
942 _2udc
_cBK
999 _c45797
_d45797